Geografía española con cada letra - Estadísticas

Estadísticas generales
  • Esta prueba ha sido intentada 30 veces
  • La puntuación promedio es 16 de 26
Estadísticas de respuestas
Hint Respuesta % Correcto
B Nombre del archipiélago mediterráneo Baleares
100%
E Río más largo de España Ebro
100%
H Semidios a quien está dedicado el faro romano que podemos encontrar en la ciudad de Coruña Hércules
97%
M Isla más grande del archipiélago que hay que adivinar en la B Mallorca
97%
Z Ciudad más poblada de Aragón Zaragoza
97%
V Ciudad donde podemos encontrar la Ciudad de las Artes y las Ciencias Valencia
90%
D Parque Nacional famoso por sus aves Doñana
83%
A Segundo pico más alto de la Península Aneto
79%
F Cabo más occidental de España Finisterre
79%
N Río norteño que comparte nombre con un barrio de Sevilla donde se encuentra su estadio Nervión
76%
J Uno de los ríos (y el más famoso) que atraviesa la ciudad de Cuenca Júcar
72%
L Donde encontramos la muralla romana mejor conservada de España Lugo
72%
O Gran mamífero que podemos encontrar en el norte de España Oso pardo
69%
Q Ave rapaz que se alimenta exclusivamente de los restos óseos Quebrantahuesos
69%
G Isla que acoge el Parque Nacional de Garajonay Gomera
66%
U Barrio con mayor población china de Madrid Usera
62%
Y Ciudad murciana con una gran producción vitícola Yecla
55%
S Ciudad catalana conocida por sus fiestas para turistas extranjeros en su mayoría Salou
48%
R Cabo que podemos encontrar en la costa de Girona Rosas
45%
T Parque Nacional canario conocido por su gran desierto Timanfaya
41%
I Conjunto de islas que poseen playas de reconocimiento mundial Islas Cíes
34%
C Parque Nacional en Castilla La Mancha Cabañeros
24%
W Pueblo de Valladolid, único de España que empieza por W Wamba
24%
X Localidad gallega conocida por su famoso carnaval Xinzo de Limia
24%
P Pico más alto de la sierra de Guadarrama Peñalara
21%
K Municipio más occidental de la provincia de Vizcaya Karrantza
14%
No se encontraron pruebas coincidentes
Distribución de puntuación
Porcentaje de gente con cada puntuación
Porcentaje por número respondido
Historial de tus puntuaciones
No has intentado esta prueba.